[Event "Grand Swiss - Femmes"]
[Date "2025.09.13"]
[White "Gomez Barrera, Javiera Belen"]
[Black "Balabayeva, Xeniya"]
[WhiteElo "2173"]
[BlackElo "2383"]
[Round "9.9.26"]
[Result "1/2-1/2"]

1. e4 {[%clk 01:30:57] [%emt 00:00:01]} c6 {[%clk 01:30:55] [%emt 00:00:06]} 2.
d4 {[%clk 01:31:23] [%emt 00:00:04]} d5 {[%clk 01:31:21] [%emt 00:00:04]} 3. e5
{[%clk 01:31:49] [%emt 00:00:03]} Bf5 {[%clk 01:31:43] [%emt 00:00:09]} 4. h4
{[%clk 01:32:15] [%emt 00:00:05]} h5 {[%clk 01:32:08] [%emt 00:00:04]} 5. Bd3
{[%clk 01:32:39] [%emt 00:00:06]} Bxd3 {[%clk 01:32:32] [%emt 00:00:06]} 6. Qxd3
{[%clk 01:33:06] [%emt 00:00:03]} Qa5+ {[%clk 01:32:55] [%emt 00:00:08]} 7. Nd2
{[%clk 01:33:19] [%emt 00:00:16]} e6 {[%clk 01:33:18] [%emt 00:00:06]} 8. Ngf3
{[%clk 01:33:25] [%emt 00:00:24]} Nd7 {[%clk 01:32:46] [%emt 00:01:02]} 9. O-O
{[%clk 01:33:38] [%emt 00:00:18]} Ne7 {[%clk 01:32:32] [%emt 00:00:44]} 10. Nb3
{[%clk 01:32:18] [%emt 00:01:50]} Qb5 {[%clk 01:25:30] [%emt 00:07:32]} 11. Qd1
{[%clk 01:32:42] [%emt 00:00:05]} a5 {[%clk 01:24:08] [%emt 00:01:54]} 12. a4
{[%clk 01:32:59] [%emt 00:00:13]} Qb6 {[%clk 01:24:33] [%emt 00:00:05]} 13. Bg5
{[%clk 01:32:43] [%emt 00:00:46]} Nf5 {[%clk 01:24:01] [%emt 00:01:02]} 14. c3
{[%clk 01:32:16] [%emt 00:00:57]} Rc8 {[%clk 01:07:57] [%emt 00:16:34]} 15. Rb1
{[%clk 01:28:07] [%emt 00:04:39]} Qa6 {[%clk 01:05:51] [%emt 00:02:37]} 16. Nc1
{[%clk 01:22:41] [%emt 00:05:55]} c5 {[%clk 00:46:13] [%emt 00:20:08]} 17. Ne2
{[%clk 01:13:34] [%emt 00:09:36]} b5 {[%clk 00:36:19] [%emt 00:10:24]} 18. axb5
{[%clk 01:11:43] [%emt 00:02:22]} Qxb5 {[%clk 00:36:46] [%emt 00:00:03]} 19.
dxc5 {[%clk 01:11:34] [%emt 00:00:39]} Bxc5 {[%clk 00:35:15] [%emt 00:02:01]}
20. b4 {[%clk 01:03:37] [%emt 00:08:28]} axb4 {[%clk 00:33:19] [%emt 00:02:26]}
21. cxb4 {[%clk 01:01:45] [%emt 00:02:21]} Bb6 {[%clk 00:32:02] [%emt 00:01:47]}
22. Ned4 {[%clk 01:00:53] [%emt 00:01:22]} Nxd4 {[%clk 00:28:32] [%emt
00:04:00]} 23. Nxd4 {[%clk 01:01:21] [%emt 00:00:03]} Bxd4 {[%clk 00:28:01]
[%emt 00:01:00]} 24. Qxd4 {[%clk 01:01:49] [%emt 00:00:02]} Rc4 {[%clk 00:27:25]
[%emt 00:01:06]} 25. Rfc1 {[%clk 00:55:47] [%emt 00:06:31]} O-O {[%clk 00:27:16]
[%emt 00:00:40]} 26. Rxc4 {[%clk 00:51:36] [%emt 00:04:42]} dxc4 {[%clk
00:27:44] [%emt 00:00:02]} 27. Rc1 {[%clk 00:43:34] [%emt 00:08:31]} Rc8 {[%clk
00:24:09] [%emt 00:04:04]} 28. Be7 {[%clk 00:39:22] [%emt 00:04:43]} Nxe5 {[%clk
00:14:43] [%emt 00:09:56]} 29. Bc5 {[%clk 00:38:47] [%emt 00:01:06]} Nd3 {[%clk
00:14:23] [%emt 00:00:50]} 30. Rxc4 {[%clk 00:35:35] [%emt 00:03:41]} Nxb4
{[%clk 00:14:24] [%emt 00:00:29]} 31. Rxb4 {[%clk 00:34:56] [%emt 00:01:10]}
Qxc5 {[%clk 00:14:46] [%emt 00:00:07]} 32. Qxc5 {[%clk 00:35:16] [%emt
00:00:09]} Rxc5 {[%clk 00:15:12] [%emt 00:00:05]} 33. g3 {[%clk 00:35:38] [%emt
00:00:08]} Kh7 {[%clk 00:13:18] [%emt 00:02:23]} 34. Kg2 {[%clk 00:36:03] [%emt
00:00:05]} Kg6 {[%clk 00:13:19] [%emt 00:00:30]} 35. Ra4 {[%clk 00:35:45] [%emt
00:00:48]} e5 {[%clk 00:12:01] [%emt 00:01:48]} 36. Ra7 {[%clk 00:33:00] [%emt
00:03:15]} Rc6 {[%clk 00:11:14] [%emt 00:01:17]} 37. Re7 {[%clk 00:32:54] [%emt
00:00:36]} Kf6 {[%clk 00:11:26] [%emt 00:00:18]} 38. Re8 {[%clk 00:33:01] [%emt
00:00:24]} Re6 {[%clk 00:11:47] [%emt 00:00:08]} 39. Ra8 {[%clk 00:33:02] [%emt
00:00:29]} Re7 {[%clk 00:11:22] [%emt 00:00:55]} 40. Ra5 {[%clk 00:32:53] [%emt
00:00:40]} Kf5 {[%clk 00:11:27] [%emt 00:00:25]} 41. Rb5 {[%clk 00:32:14] [%emt
00:01:09]} f6 {[%clk 00:11:25] [%emt 00:00:32]} 42. Ra5 {[%clk 00:32:00] [%emt
00:00:43]} Rd7 {[%clk 00:11:20] [%emt 00:00:34]} 43. Rb5 {[%clk 00:29:46] [%emt
00:02:45]} Rd3 {[%clk 00:08:41] [%emt 00:03:09]} 44. Rb7 {[%clk 00:29:39] [%emt
00:00:37]} g6 {[%clk 00:08:48] [%emt 00:00:23]} 45. Rb8 {[%clk 00:24:31] [%emt
00:05:38]} Rd2 {[%clk 00:04:12] [%emt 00:05:06]} 46. Rg8 {[%clk 00:21:32] [%emt
00:03:29]} Rd3 {[%clk 00:16:16] [%emt 00:18:27]} 47. Rg7 {[%clk 00:45:54] [%emt
00:06:08]} Rd2 {[%clk 00:13:46] [%emt 00:03:00]} 48. Rg8 {[%clk 00:46:08] [%emt
00:00:15]} e4 {[%clk 00:13:32] [%emt 00:00:45]} 49. Re8 {[%clk 00:46:23] [%emt
00:00:14]} Rd6 {[%clk 00:13:44] [%emt 00:00:18]} 50. Re7 {[%clk 00:41:32] [%emt
00:05:22]} Re6 {[%clk 00:09:11] [%emt 00:05:02]} 51. Ra7 {[%clk 00:41:51] [%emt
00:00:10]} g5 {[%clk 00:06:38] [%emt 00:03:03]} 52. hxg5 {[%clk 00:35:46] [%emt
00:06:36]} fxg5 {[%clk 00:06:51] [%emt 00:00:17]} 53. Rf7+ {[%clk 00:33:51]
[%emt 00:02:25]} Kg4 {[%clk 00:04:47] [%emt 00:02:34]} 54. Rf8 {[%clk 00:34:05]
[%emt 00:00:16]} Rd6 {[%clk 00:04:52] [%emt 00:00:25]} 55. Re8 {[%clk 00:34:14]
[%emt 00:00:21]} Kf5 {[%clk 00:05:15] [%emt 00:00:07]} 56. Rf8+ {[%clk 00:32:31]
[%emt 00:02:14]} Rf6 {[%clk 00:05:38] [%emt 00:00:06]} 57. Re8 {[%clk 00:32:33]
[%emt 00:00:28]} h4 {[%clk 00:04:47] [%emt 00:01:22]} 58. gxh4 {[%clk 00:26:34]
[%emt 00:06:29]} gxh4 {[%clk 00:05:15] [%emt 00:00:02]} 59. f3 {[%clk 00:24:04]
[%emt 00:03:00]} Rg6+ {[%clk 00:05:14] [%emt 00:00:31]} 60. Kf2 {[%clk 00:24:29]
[%emt 00:00:05]} exf3 {[%clk 00:04:53] [%emt 00:00:51]} 61. Kxf3 {[%clk
00:24:26] [%emt 00:00:33]} Rg3+ {[%clk 00:05:17] [%emt 00:00:06]} 62. Kf2 {[%clk
00:24:37] [%emt 00:00:19]} Kg4 {[%clk 00:05:41] [%emt 00:00:06]} 63. Re1 {[%clk
00:21:05] [%emt 00:04:02]} Rf3+ {[%clk 00:05:18] [%emt 00:00:53]} 64. Kg2 {[%clk
00:21:16] [%emt 00:00:19]} h3+ {[%clk 00:05:40] [%emt 00:00:08]} 65. Kh2 {[%clk
00:21:31] [%emt 00:00:14]} Rf2+ {[%clk 00:06:01] [%emt 00:00:09]} 66. Kg1 {[%clk
00:21:09] [%emt 00:00:53]} Rg2+ {[%clk 00:06:12] [%emt 00:00:18]} 67. Kh1 {[%clk
00:21:21] [%emt 00:00:18]} Kg3 {[%clk 00:06:36] [%emt 00:00:07]} 68. Re3+ {[%clk
00:21:20] [%emt 00:00:31]} Kg4 {[%clk 00:07:00] [%emt 00:00:06]} 69. Rxh3 {[%clk
00:21:25] [%emt 00:00:25]} Kxh3 {[%clk 00:07:24] [%emt 00:00:06]} 1/2-1/2

[Site "Europe Echecs"]

[Event "Grand Swiss - Femmes"]
[Date "2025.09.14"]
[White "Dronavalli, Harika"]
[Black "Stefanova, Antoaneta"]
[WhiteElo "2467"]
[BlackElo "2395"]
[Round "10.10.9"]
[Result "1/2-1/2"]

1. d4 {[%clk 01:30:55] [%emt 00:00:04]} d5 {[%clk 01:30:28] [%emt 00:00:33]} 2.
c4 {[%clk 01:31:18] [%emt 00:00:07]} e6 {[%clk 01:30:53] [%emt 00:00:05]} 3. Nc3
{[%clk 01:31:37] [%emt 00:00:10]} Nf6 {[%clk 01:30:45] [%emt 00:00:38]} 4. Bg5
{[%clk 01:31:52] [%emt 00:00:14]} dxc4 {[%clk 01:22:36] [%emt 00:08:40]} 5. e3
{[%clk 01:31:58] [%emt 00:00:24]} h6 {[%clk 01:14:36] [%emt 00:08:30]} 6. Bh4
{[%clk 01:28:45] [%emt 00:03:42]} a6 {[%clk 01:13:36] [%emt 00:01:31]} 7. Bxc4
{[%clk 01:28:33] [%emt 00:00:42]} Nbd7 {[%clk 01:13:21] [%emt 00:00:46]} 8. Be2
{[%clk 01:21:10] [%emt 00:07:51]} c5 {[%clk 01:07:28] [%emt 00:06:24]} 9. Nf3
{[%clk 01:19:53] [%emt 00:01:47]} Be7 {[%clk 01:02:27] [%emt 00:05:32]} 10. O-O
{[%clk 01:16:54] [%emt 00:03:29]} O-O {[%clk 00:55:47] [%emt 00:07:09]} 11. Rc1
{[%clk 01:15:08] [%emt 00:02:15]} b5 {[%clk 00:44:29] [%emt 00:11:49]} 12. dxc5
{[%clk 00:54:51] [%emt 00:20:47]} Nxc5 {[%clk 00:43:42] [%emt 00:01:17]} 13. Qd4
{[%clk 00:43:11] [%emt 00:12:10]} g5 {[%clk 00:32:59] [%emt 00:11:13]} 14. Bg3
{[%clk 00:41:43] [%emt 00:01:57]} Bb7 {[%clk 00:32:36] [%emt 00:00:53]} 15. Rfd1
{[%clk 00:30:29] [%emt 00:11:44]} Qxd4 {[%clk 00:31:44] [%emt 00:01:23]} 16.
exd4 {[%clk 00:26:51] [%emt 00:04:07]} Nce4 {[%clk 00:26:01] [%emt 00:06:13]}
17. Nxe4 {[%clk 00:27:15] [%emt 00:00:06]} Bxe4 {[%clk 00:26:26] [%emt
00:00:06]} 18. h4 {[%clk 00:25:45] [%emt 00:02:00]} Nh5 {[%clk 00:20:46] [%emt
00:06:09]} 19. hxg5 {[%clk 00:22:30] [%emt 00:03:46]} Nxg3 {[%clk 00:20:32]
[%emt 00:00:44]} 20. fxg3 {[%clk 00:22:57] [%emt 00:00:04]} hxg5 {[%clk
00:20:39] [%emt 00:00:22]} 21. Ne5 {[%clk 00:23:23] [%emt 00:00:04]} f6 {[%clk
00:11:49] [%emt 00:09:20]} 22. Nd7 {[%clk 00:21:39] [%emt 00:02:11]} Rfc8 {[%clk
00:06:22] [%emt 00:05:58]} 23. Nc5 {[%clk 00:18:59] [%emt 00:03:12]} Bd5 {[%clk
00:06:41] [%emt 00:00:10]} 24. Bf3 {[%clk 00:19:25] [%emt 00:00:05]} Bxf3 {[%clk
00:06:11] [%emt 00:01:01]} 25. gxf3 {[%clk 00:19:51] [%emt 00:00:04]} Rc6 {[%clk
00:04:00] [%emt 00:02:39]} 26. Re1 {[%clk 00:15:35] [%emt 00:04:47]} Kf7 {[%clk
00:04:03] [%emt 00:00:27]} 27. Kf2 {[%clk 00:11:22] [%emt 00:04:42]} Rh8 {[%clk
00:02:18] [%emt 00:02:15]} 28. Kg2 {[%clk 00:10:02] [%emt 00:01:51]} Rd8 {[%clk
00:01:56] [%emt 00:00:50]} 29. Nb3 {[%clk 00:10:23] [%emt 00:00:09]} Rc4 {[%clk
00:01:55] [%emt 00:00:32]} 30. Rh1 {[%clk 00:09:51] [%emt 00:01:03]} Bf8 {[%clk
00:01:13] [%emt 00:01:11]} 31. Kf2 {[%clk 00:06:16] [%emt 00:04:07]} f5 {[%clk
00:01:26] [%emt 00:00:18]} 32. Ke2 {[%clk 00:06:01] [%emt 00:00:44]} Bg7 {[%clk
00:01:02] [%emt 00:00:55]} 33. Rxc4 {[%clk 00:03:43] [%emt 00:02:48]} bxc4
{[%clk 00:01:28] [%emt 00:00:04]} 34. Na5 {[%clk 00:03:23] [%emt 00:00:48]} Rxd4
{[%clk 00:01:27] [%emt 00:00:32]} 35. Rc1 {[%clk 00:03:49] [%emt 00:00:04]} c3
{[%clk 00:00:47] [%emt 00:01:10]} 36. Rxc3 {[%clk 00:03:22] [%emt 00:00:58]} Ra4
{[%clk 00:01:00] [%emt 00:00:16]} 37. Ra3 {[%clk 00:03:11] [%emt 00:00:41]} Rxa3
{[%clk 00:00:55] [%emt 00:00:36]} 38. bxa3 {[%clk 00:03:38] [%emt 00:00:03]} Ke7
{[%clk 00:00:36] [%emt 00:00:49]} 39. Nc4 {[%clk 00:03:56] [%emt 00:00:12]} Kd7
{[%clk 00:00:47] [%emt 00:00:18]} 40. Kd3 {[%clk 00:02:53] [%emt 00:01:33]} Kc6
{[%clk 00:00:58] [%emt 00:00:19]} 41. a4 {[%clk 00:02:21] [%emt 00:01:02]} Kc5
{[%clk 00:01:00] [%emt 00:00:26]} 42. a3 {[%clk 00:02:35] [%emt 00:00:18]} Bd4
{[%clk 00:24:39] [%emt 00:06:50]} 43. g4 {[%clk 00:30:20] [%emt 00:02:46]} Kd5
{[%clk 00:20:27] [%emt 00:04:41]} 44. Nd2 {[%clk 00:29:21] [%emt 00:01:30]} Bc5
{[%clk 00:12:20] [%emt 00:08:37]} 45. Nc4 {[%clk 00:29:30] [%emt 00:00:20]} fxg4
{[%clk 00:06:16] [%emt 00:06:35]} 46. fxg4 {[%clk 00:29:57] [%emt 00:00:03]} e5
{[%clk 00:06:37] [%emt 00:00:09]} 47. Nd2 {[%clk 00:30:00] [%emt 00:00:27]} Bxa3
{[%clk 00:07:01] [%emt 00:00:07]} 48. Ne4 {[%clk 00:30:24] [%emt 00:00:05]} Bc1
{[%clk 00:06:30] [%emt 00:01:01]} 49. Nf6+ {[%clk 00:27:09] [%emt 00:03:45]} Kc5
{[%clk 00:06:07] [%emt 00:00:53]} 50. Nd7+ {[%clk 00:27:32] [%emt 00:00:06]} Kb4
{[%clk 00:05:01] [%emt 00:01:36]} 51. Nxe5 {[%clk 00:27:28] [%emt 00:00:35]}
Kxa4 {[%clk 00:05:15] [%emt 00:00:16]} 52. Kc4 {[%clk 00:27:17] [%emt 00:00:41]}
Ka5 {[%clk 00:02:40] [%emt 00:03:04]} 53. Nd7 {[%clk 00:25:24] [%emt 00:02:23]}
Ba3 {[%clk 00:01:38] [%emt 00:01:32]} 54. Kb3 {[%clk 00:23:31] [%emt 00:02:23]}
Bd6 {[%clk 00:02:02] [%emt 00:00:07]} 55. Kc4 {[%clk 00:22:44] [%emt 00:01:16]}
Be7 {[%clk 00:02:30] [%emt 00:00:04]} 56. Ne5 {[%clk 00:21:52] [%emt 00:01:22]}
Kb6 {[%clk 00:02:52] [%emt 00:00:07]} 57. Nf3 {[%clk 00:20:40] [%emt 00:01:43]}
Kc6 {[%clk 00:02:12] [%emt 00:01:10]} 58. Kb3 {[%clk 00:19:46] [%emt 00:01:24]}
Kb5 {[%clk 00:02:02] [%emt 00:00:38]} 59. Nd4+ {[%clk 00:19:26] [%emt 00:00:51]}
Kc5 {[%clk 00:02:14] [%emt 00:00:16]} 60. Nf3 {[%clk 00:19:52] [%emt 00:00:06]}
Kb6 {[%clk 00:00:44] [%emt 00:02:01]} 61. Ka4 {[%clk 00:20:03] [%emt 00:00:19]}
Bf6 {[%clk 00:01:01] [%emt 00:00:12]} 62. Kb4 {[%clk 00:19:47] [%emt 00:00:46]}
Bd8 {[%clk 00:01:02] [%emt 00:00:29]} 63. Ka4 {[%clk 00:20:03] [%emt 00:00:15]}
Kc6 {[%clk 00:00:59] [%emt 00:00:33]} 64. Ne5+ {[%clk 00:19:39] [%emt 00:00:53]}
Kb6 {[%clk 00:01:06] [%emt 00:00:23]} 65. Nf3 {[%clk 00:19:21] [%emt 00:00:48]}
Be7 {[%clk 00:01:17] [%emt 00:00:19]} 66. Kb3 {[%clk 00:16:10] [%emt 00:03:42]}
Kb5 {[%clk 00:01:23] [%emt 00:00:22]} 67. Nd4+ {[%clk 00:16:35] [%emt 00:00:06]}
Kc5 {[%clk 00:01:38] [%emt 00:00:13]} 68. Nf3 {[%clk 00:17:00] [%emt 00:00:07]}
Bf6 {[%clk 00:01:31] [%emt 00:00:37]} 69. Ka4 {[%clk 00:17:24] [%emt 00:00:06]}
Kb6 {[%clk 00:01:50] [%emt 00:00:12]} 70. Kb4 {[%clk 00:17:45] [%emt 00:00:08]}
Bd8 {[%clk 00:01:27] [%emt 00:00:52]} 71. Ka4 {[%clk 00:18:02] [%emt 00:00:14]}
Be7 {[%clk 00:00:57] [%emt 00:01:01]} 72. Kb3 {[%clk 00:18:21] [%emt 00:00:11]}
Kb5 {[%clk 00:00:53] [%emt 00:00:34]} 73. Nd4+ {[%clk 00:18:36] [%emt 00:00:09]}
Kc5 {[%clk 00:01:12] [%emt 00:00:16]} 74. Nf3 {[%clk 00:19:02] [%emt 00:00:04]}
Kd5 {[%clk 00:01:15] [%emt 00:00:28]} 75. Ka4 {[%clk 00:19:27] [%emt 00:00:05]}
Ke4 {[%clk 00:01:31] [%emt 00:00:13]} 76. Nxg5 {[%clk 00:19:53] [%emt 00:00:05]}
Bxg5 {[%clk 00:01:58] [%emt 00:00:03]} 77. Ka5 {[%clk 00:20:20] [%emt 00:00:03]}
1/2-1/2

[Site "Europe Echecs"]

[Event "Grand Swiss - Femmes"]
[Date "2025.09.14"]
[White "Narva, Mai"]
[Black "Tsolakidou, Stavroula"]
[WhiteElo "2386"]
[BlackElo "2445"]
[Round "10.10.11"]
[Result "1/2-1/2"]

1. e4 {[%clk 01:30:57] [%emt 00:00:03]} e5 {[%clk 01:30:53] [%emt 00:00:07]} 2.
Nf3 {[%clk 01:31:19] [%emt 00:00:08]} Nc6 {[%clk 01:31:16] [%emt 00:00:08]} 3.
Bb5 {[%clk 01:31:37] [%emt 00:00:11]} a6 {[%clk 01:31:32] [%emt 00:00:15]} 4.
Ba4 {[%clk 01:32:00] [%emt 00:00:07]} Nge7 {[%clk 01:31:37] [%emt 00:00:24]} 5.
O-O {[%clk 01:29:04] [%emt 00:03:27]} Ng6 {[%clk 01:31:42] [%emt 00:00:25]} 6.
c3 {[%clk 01:21:46] [%emt 00:07:47]} d5 {[%clk 01:31:02] [%emt 00:01:11]} 7.
exd5 {[%clk 01:11:56] [%emt 00:10:20]} Qxd5 {[%clk 01:31:26] [%emt 00:00:06]} 8.
Bb3 {[%clk 01:09:15] [%emt 00:03:11]} Qd3 {[%clk 01:31:04] [%emt 00:00:52]} 9.
Bc2 {[%clk 01:07:35] [%emt 00:02:09]} Qd6 {[%clk 01:30:52] [%emt 00:00:42]} 10.
d4 {[%clk 01:03:09] [%emt 00:04:56]} Bg4 {[%clk 00:59:02] [%emt 00:32:21]} 11.
dxe5 {[%clk 00:58:38] [%emt 00:05:01]} Qxd1 {[%clk 00:56:24] [%emt 00:03:08]}
12. Rxd1 {[%clk 00:50:17] [%emt 00:08:50]} Ngxe5 {[%clk 00:55:00] [%emt
00:01:54]} 13. Re1 {[%clk 00:39:05] [%emt 00:11:43]} Bxf3 {[%clk 00:54:39] [%emt
00:00:51]} 14. gxf3 {[%clk 00:39:31] [%emt 00:00:05]} O-O-O {[%clk 00:54:18]
[%emt 00:00:50]} 15. Bf5+ {[%clk 00:39:37] [%emt 00:00:24]} Kb8 {[%clk 00:54:36]
[%emt 00:00:11]} 16. Kg2 {[%clk 00:39:54] [%emt 00:00:13]} Bd6 {[%clk 00:49:15]
[%emt 00:05:51]} 17. Nd2 {[%clk 00:34:53] [%emt 00:05:31]} Ng6 {[%clk 00:47:21]
[%emt 00:02:24]} 18. Bxg6 {[%clk 00:34:19] [%emt 00:01:05]} hxg6 {[%clk
00:47:45] [%emt 00:00:06]} 19. h3 {[%clk 00:34:43] [%emt 00:00:05]} Ne5 {[%clk
00:40:23] [%emt 00:07:52]} 20. Re3 {[%clk 00:28:51] [%emt 00:06:22]} g5 {[%clk
00:30:33] [%emt 00:10:20]} 21. Ne4 {[%clk 00:29:00] [%emt 00:00:22]} Ng6 {[%clk
00:30:30] [%emt 00:00:33]} 22. Rd3 {[%clk 00:24:02] [%emt 00:05:27]} Nh4+ {[%clk
00:21:57] [%emt 00:09:03]} 23. Kf1 {[%clk 00:23:18] [%emt 00:01:14]} Bf4 {[%clk
00:22:11] [%emt 00:00:17]} 24. Rxd8+ {[%clk 00:21:50] [%emt 00:01:58]} Rxd8
{[%clk 00:22:36] [%emt 00:00:05]} 25. Be3 {[%clk 00:13:05] [%emt 00:09:14]} f6
{[%clk 00:19:21] [%emt 00:03:46]} 26. Ke2 {[%clk 00:12:32] [%emt 00:01:03]} Re8
{[%clk 00:19:31] [%emt 00:00:20]} 27. Rd1 {[%clk 00:08:22] [%emt 00:04:40]} f5
{[%clk 00:19:03] [%emt 00:00:58]} 28. Nc5 {[%clk 00:05:50] [%emt 00:03:02]} Bd6
{[%clk 00:15:54] [%emt 00:03:39]} 29. Kf1 {[%clk 00:03:00] [%emt 00:03:20]} f4
{[%clk 00:14:52] [%emt 00:01:31]} 30. Bd4 {[%clk 00:03:10] [%emt 00:00:21]} Nxf3
{[%clk 00:14:48] [%emt 00:00:34]} 31. Nb3 {[%clk 00:03:33] [%emt 00:00:08]} Rh8
{[%clk 00:12:24] [%emt 00:02:53]} 32. Kg2 {[%clk 00:02:29] [%emt 00:01:34]} Nh4+
{[%clk 00:12:28] [%emt 00:00:27]} 33. Kf1 {[%clk 00:02:55] [%emt 00:00:04]} Nf5
{[%clk 00:11:56] [%emt 00:01:02]} 34. Rd3 {[%clk 00:03:05] [%emt 00:00:20]} b6
{[%clk 00:11:25] [%emt 00:01:01]} 35. c4 {[%clk 00:03:10] [%emt 00:00:25]} Be7
{[%clk 00:07:32] [%emt 00:04:22]} 36. Bc3 {[%clk 00:03:06] [%emt 00:00:35]} Bf6
{[%clk 00:07:02] [%emt 00:00:59]} 37. Nd2 {[%clk 00:02:56] [%emt 00:00:41]} Nd6
{[%clk 00:06:25] [%emt 00:01:06]} 38. b4 {[%clk 00:02:36] [%emt 00:00:50]} Re8
{[%clk 00:05:17] [%emt 00:01:38]} 39. Bxf6 {[%clk 00:00:59] [%emt 00:02:07]}
gxf6 {[%clk 00:05:43] [%emt 00:00:04]} 40. Rd4 {[%clk 00:01:13] [%emt 00:00:17]}
Kb7 {[%clk 00:02:19] [%emt 00:03:55]} 41. a3 {[%clk 00:27:46] [%emt 00:03:57]}
Re5 {[%clk 00:28:14] [%emt 00:04:34]} 42. Kg2 {[%clk 00:24:18] [%emt 00:03:58]}
Re1 {[%clk 00:25:43] [%emt 00:03:00]} 43. Kf3 {[%clk 00:22:01] [%emt 00:02:48]}
Nf5 {[%clk 00:20:49] [%emt 00:05:24]} 44. Rd3 {[%clk 00:20:43] [%emt 00:01:48]}
Nh4+ {[%clk 00:18:47] [%emt 00:02:33]} 45. Kg4 {[%clk 00:21:08] [%emt 00:00:05]}
Rg1+ {[%clk 00:19:04] [%emt 00:00:13]} 46. Kh5 {[%clk 00:21:33] [%emt 00:00:05]}
Rd1 {[%clk 00:19:25] [%emt 00:00:09]} 47. Rd5 {[%clk 00:20:57] [%emt 00:01:05]}
c6 {[%clk 00:17:01] [%emt 00:02:53]} 48. Rd3 {[%clk 00:20:17] [%emt 00:01:11]}
Kc7 {[%clk 00:17:02] [%emt 00:00:29]} 49. c5 {[%clk 00:14:34] [%emt 00:06:13]}
bxc5 {[%clk 00:15:34] [%emt 00:01:58]} 50. bxc5 {[%clk 00:15:00] [%emt
00:00:04]} Nf3 {[%clk 00:10:29] [%emt 00:05:35]} 51. Rxf3 {[%clk 00:15:21] [%emt
00:00:09]} Rxd2 {[%clk 00:10:56] [%emt 00:00:03]} 52. h4 {[%clk 00:12:11] [%emt
00:03:40]} Rc2 {[%clk 00:09:59] [%emt 00:01:27]} 53. Kg6 {[%clk 00:04:49] [%emt
00:07:51]} gxh4 {[%clk 00:09:35] [%emt 00:00:54]} 54. Rxf4 {[%clk 00:04:33]
[%emt 00:00:47]} Rxc5 {[%clk 00:09:11] [%emt 00:00:53]} 55. Rxh4 {[%clk
00:01:26] [%emt 00:03:37]} Rc3 {[%clk 00:08:20] [%emt 00:01:21]} 56. f4 {[%clk
00:01:30] [%emt 00:00:26]} Rxa3 {[%clk 00:04:50] [%emt 00:04:01]} 57. Kxf6
{[%clk 00:01:55] [%emt 00:00:05]} a5 {[%clk 00:05:14] [%emt 00:00:07]} 58. f5
{[%clk 00:02:00] [%emt 00:00:24]} a4 {[%clk 00:05:24] [%emt 00:00:20]} 59. Rg4
{[%clk 00:00:35] [%emt 00:01:55]} Kb6 {[%clk 00:01:50] [%emt 00:04:04]} 60. Kg5
{[%clk 00:00:50] [%emt 00:00:14]} Kb5 {[%clk 00:01:23] [%emt 00:00:58]} 61. f6
{[%clk 00:01:13] [%emt 00:00:06]} Rf3 {[%clk 00:01:32] [%emt 00:00:22]} 62. Rf4
{[%clk 00:01:07] [%emt 00:00:37]} Rxf4 {[%clk 00:00:36] [%emt 00:01:26]} 63.
Kxf4 {[%clk 00:01:32] [%emt 00:00:04]} a3 {[%clk 00:01:03] [%emt 00:00:03]} 64.
f7 {[%clk 00:01:58] [%emt 00:00:04]} a2 {[%clk 00:01:31] [%emt 00:00:02]} 65.
f8=Q {[%clk 00:02:23] [%emt 00:00:05]} a1=Q {[%clk 00:01:56] [%emt 00:00:04]}
66. Qb8+ {[%clk 00:02:20] [%emt 00:00:33]} Kc5 {[%clk 00:01:18] [%emt 00:01:09]}
67. Qf8+ {[%clk 00:02:43] [%emt 00:00:06]} Kd5 {[%clk 00:01:15] [%emt 00:00:30]}
68. Qd8+ {[%clk 00:01:10] [%emt 00:02:05]} Kc4 {[%clk 00:01:18] [%emt 00:00:27]}
69. Qg8+ {[%clk 00:01:29] [%emt 00:00:13]} Kc5 {[%clk 00:01:19] [%emt 00:00:29]}
1/2-1/2

[Site "Europe Echecs"]